LEADER 01072nam0 22002771i 450 001 UON00463642 005 20231205105134.931 100 $a20160122d1955 |0itac50 ba 101 $afre 102 $aFR 105 $a|||| ||||| 200 1 $aˆLe ‰cardinal$fHenry Morton Robinson$gtraduction de Geneviève Hurel 210 $aParis$cDel Duca$d1955 215 $a701 p.$d17 cm. 316 $aValore stimato$5IT-UONSI Francese1 L.P.ROBI 410 1$1001UON00459635$12001 $aˆLe ‰livre de poche$1210 $aParis$cDel Duca$v1687-1689 620 $aFR$dParis$3UONL002984 700 1$aROBINSON$bHenry Morton$3UONV191792$0286141 702 1$aHUREL$bGeneviève$3UONV229902 712 $aDel Duca$3UONV266185$4650 801 $aIT$bSOL$c20240220$gRICA 899 $aSIBA - SISTEMA BIBLIOTECARIO DI ATENEO$2UONSI 912 $aUON00463642 950 $aSIBA - SISTEMA BIBLIOTECARIO DI ATENEO$dSI Francese 1 L.P. ROBI $eSI SFR2964 7 Valore stimato 996 $aCardinal$91398137 997 $aUNIOR